Father Brown, Essential tales

書目詳細資料
主要作者: G. K. Chesterton
總結:Книга находится в премиум-версии платформы «Русский как иностранный».
Father Brown is a fictional Roman Catholic priest and detective created by Chesterton in the early 20th century. Unlike the better-known fictional detective Sherlock Holmes, Father Brown's methods tend to be intuitive rather than deductive. Brown's abilities are also considerably shaped by his experience as a priest and confessor.
出版: Санкт-Петербург, Пальмира, 2017
主題:
在線閱讀:Перейти к просмотру издания
格式: 電子

MARC

LEADER 00000 a2200000 4500
001 RU/ROS-EDU.RU/85511
856 4 |u https://www.ros-edu.ru/book?id=85511  |z Перейти к просмотру издания 
010 |a 978-5-521-00547-5 
100 |a 20170101d2017 |||y0rusy0250  
105 |a y z 000zy 
101 0 |a rus 
102 |a RU 
200 1 |a Father Brown  |b Электронный ресурс  |e Essential tales  |f G. K. Chesterton 
700 1 |b G. K.  |a Chesterton  |4 070 
330 |a Father Brown is a fictional Roman Catholic priest and detective created by Chesterton in the early 20th century. Unlike the better-known fictional detective Sherlock Holmes, Father Brown's methods tend to be intuitive rather than deductive. Brown's abilities are also considerably shaped by his experience as a priest and confessor. 
210 |a Санкт-Петербург  |c Пальмира  |d 2017 
610 1 |a художественная литература 
610 1 |a зарубежная проза 
610 1 |a английский язык 
610 1 |a классика 
610 1 |a рассказ 
675 |a 82 
686 |a 84  |2 rubbk 
300 |a Книга находится в премиум-версии платформы «Русский как иностранный». 
215 |a 150 с.